| 000 | 00773nam2a22002531 4500 | ||
|---|---|---|---|
| 001 | RU\NLR\INFOCOMM15\5000229119 | ||
| 005 | 20250617114230.0 | ||
| 035 | _a(NLR Aleph) 002580029 | ||
| 090 |
_a3267061 _c3267061 |
||
| 100 | _a20041020d1979 |||y0rusy50 ca | ||
| 101 | 0 |
_arus _aeng |
|
| 102 | _aRU | ||
| 105 | _ay ||||000|y | ||
| 200 | 1 |
_aContinuity of state functions of the hose-gas _fG.A. Lassner |
|
| 210 |
_d1979 _aБ. м. |
||
| 461 | 0 |
_1001RU\NLR\INFOCOMM15\1000176112 _12001#$aИздания$fОбъедин. ин-т ядерных исследований$vЕ17-12657 |
|
| 700 | 1 |
_aLassner _bG.A. _4070 |
|
| 801 | 1 |
_aRU _bInfoComm _c20041122 |
|
| 801 | 0 |
_aRU _bNLR _gPSBO |
|
| 852 |
_aNLR _jП11/2061 |
||
| 942 | _cISSUE | ||
| 980 | _aNB | ||
| 980 | _aRUSPER | ||